| 000 | 00862nam a2200277Ia 4500 | ||
|---|---|---|---|
| 001 | Para_8374 | ||
| 003 | CHAP | ||
| 008 | 220125s9999 xx 000 0 und d | ||
| 010 | _a207236 | ||
| 040 | _cCHAP | ||
| 082 | _aPA-C 595.752 A6 | ||
| 100 |
_aFerris, G.F. _940426 |
||
| 245 |
_aA new species in the hormaphidinae (Hemiptera, Aphididae) / _c by G.F. Ferris |
||
| 300 | _a3 p. | ||
| 440 |
_aAphidae; 13 _9171222 |
||
| 500 | _aSobretiro de: Entomological News 32 (21): 289-291, 1921. Encuadernado con otros impresos similares | ||
| 650 |
_a _x Afididos _x Colecciones de escritos _x Hormaphis hamamelidis _9173784 |
||
| 710 |
_aEntomological News _9173785 |
||
| 901 | _aPA-C 595.752 A6 | ||
| 902 | _aA | ||
| 905 | _a000000 0000000000 00 | ||
| 910 | _a | ||
| 942 | _cPARA | ||
| 942 |
_cPARA _d1 |
||
| 999 |
_c207236 _d207236 |
||